[Event "EU-chT (Men) 21st"]
[Site "Heraklion"]
[Date "2017.10.29"]
[Round "2.1"]
[White "Saric, Ivan"]
[Black "Markus, Robert"]
[Result "1-0"]
[WhiteElo "2662"]
[BlackElo "2644"]
[Annotator "Sadorra,J"]
[PlyCount "83"]
[EventDate "2017.10.28"]
[EventType "team-swiss"]
[EventRounds "9"]
[EventCountry "GRE"]
[SourceTitle "CBM 182"]
[Source "ChessBase"]
[SourceDate "2018.01.17"]
[SourceVersion "1"]
[SourceVersionDate "2018.01.17"]
[SourceQuality "1"]
[WhiteTeam "Croatia"]
[BlackTeam "Serbia"]
[WhiteTeamCountry "CRO"]
[BlackTeamCountry "SRB"]

{When I first saw this match-up, I felt that there would be a theoretical
battle between two opening experts, and it did happen!} 1. e4 e6 {The Serbian
top player chooses the French as his weapon of his choice.} 2. d4 d5 3. Nc3 Bb4
4. e5 c5 5. a3 {No surprises from the Croatian top player as he sticks to his
style of playing principled main lines.} Bxc3+ 6. bxc3 Qa5 7. Bd2 Qa4 8. Qg4 ({
For the other popular move} 8. h4 {see my commented games in Megabase 2018.})
8... Kf8 9. Nf3 Ne7 10. h3 $1 {This was first played last year and Saric is
not one to miss such a trendy move. On the other hand, Markus may not had been
familiar with it as he spent about 15 minutes before playing his next move.
White's idea is to simply to take on c5 and open up the game. Previously
played here are h4, bishop to e2 or d3.} c4 ({Defending the c-pawn also does
not solve Black's problems:} 10... Nd7 11. Bd3 (11. c4 $5) 11... c4 12. Be2
Qxc2 13. O-O Qg6 (13... Qf5 14. Qg3) (13... h6 14. Rfe1 Qe4 (14... Qf5 15. Qh4)
15. Qxe4 dxe4 16. Nh2 Nb6 17. a4 Bd7 (17... a5 18. Reb1 Ned5 (18... Nbd5 19.
Bxc4) 19. Nf1 Bd7 20. Ne3 Bc6 21. Nxc4 $16) 18. a5 Nbd5 19. Reb1 $1 {The weak
pawns aren't going anywhere.} Bc6 20. Bxc4 $16 {1-0 (60) Motylev,A (2660)
-Kovalenko,I (2667) Poikovsky 2016}) 14. Qh4 h6 15. Rfc1 $1 {[%cal Ge2d1,Gd1c2,
Rc2g6] with the idea to harass Black's queen by relocating the bishop from e2
to c2!}) (10... Qxc2 11. Rc1 Qg6 (11... Qe4+ 12. Qxe4 dxe4 13. Ng5) (11... Qa4
12. dxc5 $1 Qxa3 13. Bd3 Qxc5 14. O-O Nbc6 15. Be3 Qa5 16. c4 $36 {and White
has more than enough compensation for the pawn due to the bishop pair, the
open nature of the game and Black's unsafe king.} (16. Qf4 $5 h6 17. Nd4 Nxd4 (
17... Bd7 18. Nb5) 18. Bxd4 Qd8 (18... Bd7 19. Ra1) 19. c4 $1 $44)) 12. c4 $1
$36) 11. Be2 Qxc2 $6 {This seems too risky to me.} ({It is maybe better to go
for trench warfare with} 11... Nbc6 12. O-O h6 13. Qf4 Kg8 14. Ra2 (14. g4 Ng6)
14... Ng6 15. Qg3 b6 $14 {It may be easier to play with White but Black can
still resist and create problems on the queenside at some point somehow.}) 12.
O-O Nbc6 13. Bd1 Qg6 14. Qf4 (14. Qh4 $5 {leads to a similar position.}) 14...
h6 $2 ({The only way to fight for equality according to the engine is} 14...
Na5 $1 15. Rc1 (15. Ra2 $6 Qf5 $1 {pushing back the queen and thwarting any
attacking ideas with Ng5 first} 16. Qg3 Qb1) 15... Nb3 16. Bc2 Nxc1 17. Rxc1 f5
18. exf6 Qxf6 19. Qc7 Nc6 20. Bg5 Qf7 21. Qg3 $44 {with dynamic equality.}) 15.
Rc1 {This is very much similar to the positions that can be reached from the
variations examined earlier under move 10, where Black is facing serious
problems with his queen's placement.} f5 16. exf6 Qxf6 (16... gxf6 {does not
change anything.} 17. Bc2 Qf7 18. Rce1 $16) 17. Qc7 Qf7 18. Re1 $16 {For a
mere pawn, White has better development and an unsafe king to attack. It is
only a matter of time before White finds a breakthrough for his superior
forces.} Nf5 19. Qh2 $1 {Avoiding exchanges and retreating the queen to a safe
square where it also won't get in the way of the other pieces.} Bd7 20. g4 $1 {
Pushing back Black's best piece and disrupting enemy coordination.} Nfe7 21.
Qc7 Qe8 (21... Be8 22. Qxb7) (21... Bc8 22. Rb1 {[%cal Ga3a4,Gd2c1,Gc1a3]}) 22.
Qxb7 Qc8 {Black gave back the pawn so he could get rid of White's annoying
queen.} 23. Rb1 $1 {But White says "Only on my terms!"} Kf7 24. Bf4 $1 $18 {
White keeps all his advantages and Black's possible counterplay on the b-file
is killed.} ({Or} 24. Qxc8 Raxc8 25. Bf4) 24... Rd8 25. Bc7 Qxb7 26. Rxb7 Bc8
27. Rb1 Rd7 28. Bg3 Rb7 29. Ba4 Rb6 30. Bd6 Bd7 31. Bc5 Rbb8 32. h4 $1 {
Creating another target on the kingside. White is virtually winning as he can
keep improving his position at his leisure while Black can only sit and wait.}
Ke8 33. h5 Nd8 {Giving up a pawn to gain activity for his pieces, but it still
doesn't change the eventual outcome of the game.} 34. Rxb8 Rxb8 35. Bxa7 Rb2
36. Bxd7+ Kxd7 37. Ne5+ Ke8 38. Bc5 Rb3 39. Bb4 Ng8 40. a4 Rb2 41. Ra1 Nf6 42.
a5 {Black has had enough and finally decides to give up finding counterplay
that never existed since he missed the ...Na5 idea in the middlegame.  This h3
idea is still giving Black problems in the 6...Qa5 French Winawer as
convincingly proven by Saric, and the ball is now in Black's court to come up
with a way to equalise.} 1-0

[Event "Bundesliga 1516"]
[Site "Germany"]
[Date "2016.04.10"]
[Round "13.7"]
[White "Berndt, Stephan"]
[Black "Nikolic, Predrag"]
[Result "0-1"]
[WhiteElo "2432"]
[BlackElo "2606"]
[Annotator "Sadorra,J"]
[PlyCount "132"]
[EventDate "2015.09.18"]
[EventType "team-tourn"]
[EventRounds "15"]
[EventCountry "GER"]
[SourceTitle "CBM 172"]
[Source "ChessBase"]
[SourceDate "2016.05.12"]
[SourceVersion "1"]
[SourceVersionDate "2016.05.12"]
[SourceQuality "1"]
[WhiteTeam "Berlin SF"]
[BlackTeam "Solingen"]
[WhiteTeamCountry "GER"]
[BlackTeamCountry "GER"]

1. e4 e6 2. d4 d5 3. Nc3 Bb4 4. e5 c5 5. a3 Bxc3+ 6. bxc3 Qc7 {This is the old
variation of the Winawer, which first became popular in the 1940s in the hands
of ex-World Champion Botvinnik. While it's less common than 6...Ne7, it's
still fully playable.} (6... Ne7 {leads to more double-edged positions and is
more common nowadays.}) 7. Nf3 b6 $1 {Immediately trading the bishop via a6 is
the easiest way to equalise.} 8. Bb5+ {Disturbing Black's the harmony of
Black's pieces..} Bd7 9. Bd3 c4 $5 {A Nikolic specialty, which leads to
positions with which he has plenty of experience.} ({Playing the B to a4 right
away is also good as it keeps flexibility, but one has to be wary that it
gives White an interesting attacking possibility that is still yet to be tried:
} 9... Ba4 10. Ng5 $5 $146 (10. O-O c4 {is how almost all games continue which
is fine for Black.}) (10. dxc5 {is not a problem} Nd7 $5 (10... bxc5) 11. cxb6
axb6 12. O-O Ne7 13. Bd2 O-O $44) 10... c4 (10... cxd4 11. O-O dxc3 (11... Qxc3
12. Qg4 $1 Qxa1 $2 13. Qh5 g6 14. Qf3 $40) 12. Qg4 $40) 11. Bxh7 {a logical
follow-up} (11. Bf1 $5 h6 12. Nh3 Ne7 13. Nf4 $13) 11... Nh6 (11... g6 12. h4)
12. Qh5 $1 (12. Qf3 Qe7 13. Qg3 Kd7 $13 (13... Nd7 14. Nxe6 fxe6 15. Bg6+ Nf7
16. Bg5 $40)) 12... Qe7 {guarding e6} 13. Rb1 Nc6 {preventing Rb4 ideas} 14.
O-O O-O-O {White is a pawn up and that's why the engine likes White but things
are still not so clear with the B stuck on h7.} 15. Re1 Nf5 $13 (15... Kb7 16.
Re2 {preparing f4} (16. f4 $4 Rxh7 17. Nxh7 Bxc2) 16... Rdf8 $13) (15... Rxh7
$2 16. Nxh7 Bxc2 17. Bg5 $16)) 10. Be2 ({Here's another Nikolic game with the
other retreat:} 10. Bf1 Ba4 11. h4 Nc6 12. h5 h6 13. g3 O-O-O 14. Bg2 Kb7 {
now watch why the specialist delays the development of his king's N} 15. Bf4 g5
$1 16. hxg6 fxg6 {[%csl Gg8,Rh6][%cal Gg8h6]} 17. g4 Rf8 18. Be3 Qg7 19. Nd2
Nge7 20. Nf1 g5 $1 $15 {[%csl Ge7][%cal Ge7g6,Gg6h4,Gg6f4] 0-1 (46) Bejtovic,J
(2425)-Nikolic,P (2636) Rogaska Slatina 2011}) 10... Ba4 11. h4 {There's
really no need to castle due to the closed nature of the position, so White
can immediately start play on the kingside.} (11. O-O {doesn't give Black any
problems. Here's how a World Champion handled the middlegame:} Ne7 12. g3 Nbc6
13. h4 O-O-O 14. h5 h6 15. Bf4 Qd7 16. Qc1 Rdf8 {gradually preparing f6 or g5.}
17. Ne1 Nf5 18. Bg4 (18. Ng2 Kb7 {the nice thing about Black's position is
that she has time to slowly improve her position including the king.} (18... g5
$6 19. hxg6 fxg6 20. g4 Nfe7 21. Bxh6 Rf7 22. Bg5 Rfh7 23. f3 $13) 19. Kh2 $6 (
19. Re1 Qe7 {and g5 will be next.}) 19... g5 $1 20. hxg6 fxg6 21. g4 Nfe7 22.
Bxh6 g5 $19) 18... g5 $1 19. Bd2 f6 $1 $40 {0-1 (50) Paehtz,E (2471)-Hou,Y 
(2578) Beijing 2008}) 11... Nc6 12. h5 h6 13. O-O ({A better try for White is} 
13. Bf4 O-O-O 14. g4 Nge7 (14... g5 $6 {isn't as effective as White is better
placed to meet it this time} 15. hxg6 fxg6 16. Qd2 Qg7 17. Be3 g5 18. Ng1 Nge7
19. Nh3 Ng6 20. f4 $1 $36) 15. Bg3 Qd7 16. Qd2 Kb7 17. Nh4 Rdg8 $5 (17... Rdf8
18. f4 f6 19. O-O-O fxe5 20. dxe5 {and Black didn't gain anything.}) (17... Nb8
$5 18. f4 (18. O-O-O Na6 19. Kb2 Nc7 20. f4 Qb5+ 21. Ka1 Qa5 $40) 18... Na6 19.
O-O-O (19. O-O g6 $1) 19... Nc7 $11) 18. Ng2 (18. f4 g6 $1 19. hxg6 fxg6 20.
O-O-O a6 $1 21. Kb2 Na7 $36) 18... f6 19. Ne3 fxe5 20. dxe5 {½-½ (38) Shirov,
A (2713)-Nikolic,P (2676) Cannes 2005, the immediate} Rd8 {was better:} 21. f4
(21. Rd1 Qc7 22. f4 g5 $1) 21... Qc7 22. Bf3 Kb8 $1 23. O-O Bb5 24. a4 Ba6 $132
{and d4 will be next.}) 13... O-O-O 14. Nh4 Nge7 15. Bg4 Qd7 {Once again
preparing a future f6 or g5 as we've seen in the games above.} 16. g3 Kb7 17.
Ra2 Rdg8 18. Bh3 g6 (18... g5 $5) 19. Qf3 Nf5 $5 ({It may be better to play} 
19... g5 20. Ng2 Rf8 21. Re1 Ng8 $1 {going for the standard f6/f5 plan} 22. Qe2
f5 $1 23. exf6 Nxf6 24. Bxe6 (24. Qxe6 Qd8 $1 {[%csl Re6][%cal Gh8h7,Gh7e7,
Ga4d7,Gc6d4,Gf6h5]}) 24... Qd6 $36 {[%csl Re4,Re6,Rh5][%cal Gf8e8,Ge8e1,Gf6h5,
Gf6e4]}) 20. Nxf5 exf5 {Black's next idea is to make g6-g5 happen.} (20... gxf5
21. Bf4 {is a safe equal position but it's understandable why Nikolic didn't
go for this as it may be hard to make progress in the future.}) 21. Bg2 (21.
Re1 Qe6 22. Bg2 Ne7 23. Rb2 g5) 21... Rd8 22. Re1 Qe6 $6 (22... g5 $142 $1 23.
Bd2 Rhe8 {and White cannot do anything productive while Black will double up
on the e-file and eventually play f7-f6!}) 23. Bd2 $2 {After this, the game
becomes one-sided.} (23. hxg6 $142 $1 fxg6 {preventing a future break with f6.}
) 23... g5 $1 24. Qe2 a5 25. f4 (25. Rb1 Ka6 26. Rab2 Rb8 {[%cal Gc6a7,Ga7b5,
Gb6b5]}) 25... g4 26. Kf2 Ka6 27. Qf1 Rhe8 28. Qh1 Ne7 29. Qh4 Ng8 30. Re3 Qd7
31. Re1 Re6 $1 {The R is excellently placed here, blocking the e-pawn, keeping
the queen off f6 and guarding Black's 3rd rank.} 32. Re3 Ne7 33. Re1 Nc8 34.
Qh1 Na7 35. Rb1 Nb5 36. Re1 Nc7 $1 {Impressive manoeuvring from Nikolic, now
liberating his other rook for the defence of d5.} 37. Re3 Rde8 38. Re1 f6 {
Finally putting some pressure on White's brick wall. While White is holding at
the moment, Black certainly is the side that has the better practical chances
as he has the power to open up lines in the centre & on the queenside and
White's h5 is a future target.} 39. Qh4 Qf7 40. Kg1 R8e7 41. Qh1 Rd7 42. Kf2
Rd8 43. Rb2 Ka7 44. Ra2 Qf8 45. Kg1 Re7 46. Kf2 Qf7 47. Kg1 Ne8 48. Qh4 Re6 49.
Qh1 Bc6 50. Raa1 Ng7 {There goes the h5-pawn!} 51. exf6 $6 ({It was better to
sit still with} 51. Kf2 Nxh5 52. Rab1 Rd7 (52... Ng7 53. Qxh6 fxe5 54. Qh4) 53.
Ra1 Ng7 $15) 51... Rxf6 52. Re5 Rd7 (52... Nxh5 53. Rae1 Rd7 {transposes.}) 53.
Rae1 Nxh5 $17 54. Kf2 Ng7 $5 {Taking the N back to c7, so he can pick off the
a4-pawn.} (54... Rfd6 $142 $1 {taking the N to e4} 55. Bc1 Qg6 56. a4 Nf6 $1
57. Ba3 Ne4+ 58. Bxe4 dxe4 59. Bxd6 $4 e3+ $19) 55. a4 Ne6 56. Bc1 Nc7 57. Ba3
Qg6 58. Re7 Rf7 59. Rxf7 Rxf7 60. Re5 Rd7 61. Qh4 Bxa4 62. Re7 Qc6 63. Rxd7
Qxd7 64. Qxh6 Nb5 65. Qf8 Bxc2 66. Bc5 Be4 $1 {Killing any sort of counterplay
which forces White to surrender. Great manoeuvring play and technique by the
highly experienced French specialist!} 0-1

[Event "POL-ch"]
[Site "Poznan"]
[Date "2016.04.06"]
[Round "8"]
[White "Tomczak, Jacek"]
[Black "Bartel, Mateusz"]
[Result "1/2-1/2"]
[WhiteElo "2603"]
[BlackElo "2625"]
[Annotator "Sadorra,J"]
[PlyCount "80"]
[EventDate "2016.03.30"]
[EventType "tourn"]
[EventRounds "9"]
[EventCountry "POL"]
[EventCategory "15"]
[SourceTitle "CBM 172"]
[Source "ChessBase"]
[SourceDate "2016.05.12"]
[SourceVersion "1"]
[SourceVersionDate "2016.05.12"]
[SourceQuality "1"]

1. e4 e6 2. d4 d5 3. Nc3 Bb4 4. e5 c5 5. a3 Bxc3+ 6. bxc3 Ne7 7. h4 {This line
is probably the second best attempt for White to fight for an edge after the 7.
Qg4 mainline.} Qc7 ({The other popular reply is} 7... Qa5 8. Bd2 Qa4 ({
interestingly, the old line} 8... Nbc6 9. Nf3 Qc7 10. h5 h6 {leads to the main
game with Black to move!}) 9. h5 h6 10. Qb1 (10. Rh4 c4 $1 {the safest & most
solid way to equalise} (10... Nf5 11. Rg4 cxd4 $6 (11... O-O 12. Nf3 Nc6 13.
Qc1 Kh8 14. Bd3) (11... c4 $1 $11) 12. Nf3 $1 $146 (12. cxd4 b6 13. Bd3 Ba6 $11
{1-0 (35) Vitiugov,N (2638)-Lysyj,I (2598) Serpukhov 2008}) 12... O-O (12...
Nc6 13. Qb1 $1 a6 14. cxd4 Na5 15. Qb4 $1 $16) 13. Bd3 $40) 11. Rg4 (11. Ne2
Nbc6 12. g4 Bd7 13. Ng3 {and here keeping options open with} O-O-O (13... f6
14. exf6 gxf6 15. Qc1 Qa5 $11 {1/2-1/2 (82) Nepomniachtchi,I (2710)-Arizmendi
Martinez,J (2571) Legnica 2013}) 14. Qc1 {slowing down f6} (14. Bg2 f6 (14...
Rdf8 15. Qc1 f6 16. exf6 Rxf6 $36) 15. exf6 gxf6 16. Qc1) 14... Rdf8 15. f4 f6
16. exf6 Rxf6 17. Bg2 Rhf8 18. Rh1 Kb8 {and only Black can be better here,
especially after improving his Ns later.}) (11. Rf4 Nbc6 12. Nf3 Bd7 13. g3 {
Leko's & Caruana's choice} Rf8 14. Bh3 O-O-O 15. Nh4 (15. Kf1 Kb8 16. Kg1 Ka8
17. Nh4 Rde8 18. Rc1 Nd8 19. Rf3 Ndc6 20. Re3 (20. g4 Nc8 21. g5 hxg5 22. Bxg5
N8e7 $1 23. Ng2 (23. Rg3 Rh8) 23... Ng8 $1 {with ...f6 next.}) 20... g5 $1 21.
Ng2 Ng8 $1 22. f4 f5 $36 {0-1 (40) Vishnu,P (2463)-Gong Qianyun (2349) Yangon
MYA 2014}) 15... Rde8 16. Kf1 Nd8 17. Kg1 Rg8 18. Rf3 Ref8 19. Kh2 Ndc6 20. Ng2
Kb8 21. g4 Rh8 22. Be3 Nc8 23. Rg3 a6 $1 $132 {1-0 (59) Caruana,F (2727)-Bruno,
F (2437) Perugia 2011. Preparing the N transfer to b5 via a7 in the near
future.}) 11... Nf5) (10. Nf3 Nbc6 11. Rh4 c4 {transposes to A)}) 10... c4 11.
Rh4 Nbc6 12. Rg4 Nf5 13. Nf3 Bd7 14. Rf4 Rf8 15. g4 Nfe7 $11 {1/2-1/2 (65)
Kosteniuk,A (2554)-Socko,M (2448) Huai'an CHN 2016}) 8. h5 h6 9. Bd2 ({The
other B move was tried out in the World Blitz Championships last year:} 9. Bd3
Bd7 10. Rb1 Nbc6 11. Qg4 O-O-O 12. Nf3 Rdg8 13. O-O f5 14. Qh3 c4 15. Be2 g5
16. hxg6 Nxg6 17. Nh4 Nce7 (17... Qa5 $5 18. Nxg6 Rxg6 19. Bh5 Rg7 $15) 18.
Nxg6 Nxg6 19. Bh5 Ba4 20. Rb2 Qg7 $11 {0-1 (53) Leko,P (2707)-Socko,B (2599)
Berlin GER 2015}) 9... Nbc6 10. Nf3 Bd7 11. Bd3 (11. Rh4 O-O-O 12. Bd3 f6 13.
Bf4 (13. Kf1 fxe5 14. Nxe5 Nxe5 15. Bf4 N7c6 16. dxe5 c4 17. Bg6 (17. Be2 Rdf8
$15) 17... Be8 $15) 13... Qa5 14. Qd2 c4 15. Be2 g5 $1 16. hxg6 Nxg6 17. Rg4 {
(67) Fiderer,L (2288)-Moeldner,J (2248) Germany 2016; and here, Black can
obtain better chances with} Nxf4 18. Rxf4 fxe5 19. dxe5 (19. Nxe5 Nxe5 20. dxe5
Rhf8 $15) 19... h5 $1 $15) 11... c4 12. Be2 O-O-O 13. Bf4 Qa5 $1 $146 {A
logical novelty.} ({A move tried previously was} 13... f5 {1/2-1/2 (42) Dastan,
B (2272)-Golubov,S (2094) Moscow 2012} 14. Qd2) 14. Qd2 Kb8 $1 {Black's main
idea is to quickly put a N on a4.} 15. g4 $6 {Not sensing the danger.} ({
White must act quickly to counter Black's plan with:} 15. O-O Nc8 16. a4 $1 Nb6
17. Rfb1 Nxa4 18. Ra3 b5 (18... Ne7 19. Rb4 $44) 19. Rba1 $44 {but it's
objectively roughly equal as neither side could easily break through.}) 15...
Nc8 {Now there's nothing White can do to stop the Black's N journey!} 16. Qe3 (
{It's already a difficult situation for White. Defending c3 with his R only
solves the problem temporarily:} 16. Rh3 Nb6 17. Nh4 Na4 18. Kf1 a6 $1 {
continuing pressure with Na7-b5!}) 16... Nb6 17. Kd2 Na4 18. g5 a6 $1 {This is
good enough to increase the egde.} ({But Black also a hidden tactic,
exploiting the fact that White's king is in the middle of the board} 18... Nc5
$3 19. dxc5 (19. Kc1 Ne4 $17) 19... d4 20. Nxd4 Nxd4 21. Kc1 (21. Qxd4 Bc6 $19)
21... Nxe2+ 22. Qxe2 Qxc3 $19) 19. gxh6 gxh6 20. Rhb1 Na7 21. Nh2 Nb5 22. Rxb5
{Forced, otherwise White's position will fall apart when a N gets to c3.} (22.
Ke1 Naxc3 23. Rb4 Rdg8 24. Kf1 Nxd4 $1 25. Qxc3 Rg1+ $19) 22... Qxb5 23. Ng4 {
Now White has some counterplay but Black's queenside play is still stronger.}
Qb2 24. Rc1 a5 ({It's best to simply continue the q-side attack:} 24... Qxa3
25. Bxh6 (25. Nxh6 Be8 26. Rb1 b5 $17) 25... b5 26. Bg5 Rdg8 27. Nf6 Rxg5 $1
$19) 25. Bxh6 Kc8 26. Bg5 {A critical moment for Black, which he unforunately
wasn't able to handle successfully.} Rxh5 $6 {Black cannot be blamed for not
making the best decision as Black has to dig deep to find difficult-to-see
ideas to maintain the advantage.} (26... Rdg8 $1 27. Be7 (27. Nf6 Rxg5) (27.
Bf4 {is another line that has to be checked critically} Rxh5 28. Nf6 Rh4 $3 29.
Nxg8 Rxf4) 27... Rxh5 28. Nf6 {it's easy to stop here and see that this
favours White, but if one continues making threats things start to look up for
Black!} Rh4 $3 29. Nxg8 (29. Bf3 Rgh8 30. Nxd7 Kxd7 31. Bxh4 Rxh4 $17) 29...
Re4 30. Qf3 Nxc3 31. Bf1 (31. Qxc3 Rxe2+ $19) 31... Na2 $19) 27. Bxd8 Kxd8 28.
Nf6 {White has now achieved equal chances as he could obtain counterplay
against Black's slightly exposed king.} Rh4 (28... Rh2 $5 {may have created
more problems for White} 29. Rg1 b5 $13) 29. Bg4 Rh2 $6 {Only helps White
improve his position.} (29... Rh8 {is safer}) 30. Qg3 Rh8 31. Nxd7 $2 {Missing
a good chance.} (31. Bh5 $1 {would've given Black problems} Qxa3 32. Bxf7 b5 (
32... Qe7 33. Bh5 $14) 33. Nxd7 Kxd7 34. Bxe6+ $1 $18) 31... Kxd7 32. Qf3 Ke8
$2 {Now Black returns the favour in missing a chance. But it's understandable
as the prolonged double-edged nature of the position can put both players
under immense psychological and emotional pressure!} (32... Kc8 $1 {making
White's pressure on f7 a ghost threat} 33. Rg1 Qxa3 34. Rg3 Kb8 $1 35. Qxf7 Rh1
{regaining the intiative and the better chances.}) 33. Qf6 Qxc3+ 34. Ke2 Rf8
35. Bxe6 {Forcing a draw is the only way to save himself from Black's
queenside rampage.} Qxa3 36. Bxf7+ Rxf7 37. Qe6+ Qe7 38. Qc8+ Qd8 39. Qe6+ Qe7
40. Qc8+ Qd8 1/2-1/2